000 01287namaa22003131i 4500
005 20260504115813.0
008 260419s1995 ua a|||frm||| 000 0 eng d
040 _aEG-GICUC
_beng
_cEG-GICUC
_dEG-GICUC
_erda
041 0 _aeng
_beng
_bara
049 _aDeposit
097 _aM.Sc
099 _aCai01.11.14.M.Sc.1995.Mu.M.
100 0 _aMukhtar EL-Sayed Saad,
_epreparation.
245 1 0 _aManagement Of Combined Thoracic And Abdominal Injuries /
_cBy Mukhtar EL-Sayed Saad; Supervised By Prof.Dr. Nabil Abd-Al-Meguid, Dr. M-EL-Sherif El-Sarky.
246 1 5 _aتشخيص وعلاج حالات الاصابة بالصدر والبطن المشتركة
264 0 _c1995.
300 _a169 Leaves :
_billustrations ;
_c30 cm. +
336 _2rda content
_atext
337 _2rdamedia
_aUnmediated
338 _2rdacarrier
_avolume
502 _aThesis (M.Sc.) -Cairo University, 1995.
504 _aBibliography: pages 147-169.
653 0 _aGeneral Surgery
700 0 _aNabil Abd-Al-Meguid
_ethesis advisor.
700 0 _aM-EL-Sherif EL-Sarky
_ethesis advisor.
900 _DDepartment of General Surgery
_FFaculty of Medicine
_UCairo University
_b1995
_cNabil Abd-Al-Meguid
_cM-EL-Sherif EL-Sarky
905 _aEman El gebaly
_eNourhan
942 _2ddc
_cTH
_e21
_n0
999 _c179577